<?xml version="1.0" encoding="UTF-8"?>
<record
    xmlns:xsi="http://www.w3.org/2001/XMLSchema-instance"
    xsi:schemaLocation="http://www.loc.gov/MARC21/slim http://www.loc.gov/standards/marcxml/schema/MARC21slim.xsd"
    xmlns="http://www.loc.gov/MARC21/slim">

  <leader>00426nam a22001697a 4500</leader>
  <controlfield tag="005">20190611115334.0</controlfield>
  <controlfield tag="008">190611b        xxu||||| |||| 00| 0 spa d</controlfield>
  <datafield tag="020" ind1=" " ind2=" ">
    <subfield code="a">CHACON GUZMAN JUAN</subfield>
  </datafield>
  <datafield tag="041" ind1=" " ind2=" ">
    <subfield code="a">1-1407-0762</subfield>
  </datafield>
  <datafield tag="082" ind1=" " ind2=" ">
    <subfield code="2">06-16</subfield>
    <subfield code="6">21</subfield>
    <subfield code="8">819</subfield>
    <subfield code="a">4</subfield>
    <subfield code="b">10</subfield>
  </datafield>
  <datafield tag="100" ind1=" " ind2=" ">
    <subfield code="a">2011-2014</subfield>
    <subfield code="9">54293</subfield>
  </datafield>
  <datafield tag="245" ind1=" " ind2=" ">
    <subfield code="a">RECLUTAMIENTO, SELECCI&#xD3;N</subfield>
  </datafield>
  <datafield tag="250" ind1=" " ind2=" ">
    <subfield code="a">1.02</subfield>
  </datafield>
  <datafield tag="505" ind1=" " ind2=" ">
    <subfield code="a">EXPEDIENTE PERSONAL</subfield>
  </datafield>
  <datafield tag="650" ind1=" " ind2=" ">
    <subfield code="a">CONFIDENCIAL</subfield>
    <subfield code="9">54294</subfield>
  </datafield>
  <datafield tag="942" ind1=" " ind2=" ">
    <subfield code="c">ARC</subfield>
  </datafield>
  <datafield tag="999" ind1=" " ind2=" ">
    <subfield code="c">12042</subfield>
    <subfield code="d">12042</subfield>
  </datafield>
  <datafield tag="952" ind1=" " ind2=" ">
    <subfield code="0">0</subfield>
    <subfield code="1">0</subfield>
    <subfield code="4">0</subfield>
    <subfield code="7">0</subfield>
    <subfield code="l">0</subfield>
    <subfield code="o">MARICEL AGUIRRE CHINCHILLA</subfield>
    <subfield code="p">PAPEL</subfield>
    <subfield code="r">2019-06-11 00:00:00</subfield>
    <subfield code="t">1B</subfield>
    <subfield code="w">2019-06-11</subfield>
    <subfield code="y">ARC</subfield>
  </datafield>
</record>
